| 000 | 00352nam a2200145Ia 4500 | ||
|---|---|---|---|
| 008 | 221030s9999 xx 000 0 und d | ||
| 041 | _aEnglish | ||
| 082 |
_a105.23 _bGup |
||
| 100 | _aJ. B. Gupta | ||
| 245 | 0 | _aQuestion Bank in Electrical Engineering | |
| 260 |
_bS. K. Kataria & Sons _aDelhi _c1997 |
||
| 300 | _a14.32 | ||
| 650 | _aEE | ||
| 942 | _cBK | ||
| 999 |
_c1335 _d1335 |
||